[Event "Concordia op 5th"]
[Site "Concordia"]
[Date "2019.05.03"]
[Round "5"]
[White "Prior, Marciane"]
[Black "Lazzarin, Luiz Henrique"]
[Result "1-0"]
[WhiteElo "1867"]
[BlackElo "1556"]
[PlyCount "87"]
[EventDate "2019.05.01"]
[EventType "swiss"]
[EventRounds "9"]
[EventCountry "BRA"]
[SourceTitle "CBM 190 Extra"]
[Source "ChessBase"]
[SourceDate "2019.07.15"]
[SourceVersion "1"]
[SourceVersionDate "2019.07.15"]
[SourceQuality "1"]

1. e4 e5 2. Nf3 Nc6 3. Bb5 a6 4. Bxc6 dxc6 5. h3 Bc5 6. 0-0 Be6 7. Nxe5 Qd4 8. Nd3 Bb6 9. Nc3 Bc4 10. Qf3 Bxd3 11. cxd3 Nf6 12. Ne2 Qe5 13. Rb1 0-0-0 14. b3 Qd6 15. Qf5+ Nd7 16. d4 f6 17. Bb2 g6 18. Qf3 c5 19. dxc5 Bxc5 20. d4 Bb6 21. Rbd1 Rhf8 22. Nf4 Qe7 23. Nd5 Qe6 24. Nxb6+ Qxb6 25. Rc1 Qa5 26. Rc4 Qxa2 27. Qc3 Nb6 28. Rxc7+ Kb8 29. Ra1 Na4 30. bxa4 Qe6 31. Qg3 Ka8 32. Qf3 Qb6 33. Rc2 h5 34. Rac1 Rf7 35. e5 Rdd7 36. Ba3 fxe5 37. Qxf7 Rxf7 38. Rc8+ Ka7 39. Bc5 exd4 40. Bxb6+ Kxb6 41. Rd8 Rf4 42. g3 Re4 43. f3 Re3 44. Kf2 1-0

[Event "Santa Catarina-chT"]
[Site "Piratuba"]
[Date "2018.04.14"]
[Round "2.2"]
[White "Prior, Marciane"]
[Black "Nunes Filho, Marcelo Adriano"]
[Result "1/2-1/2"]
[WhiteElo "1881"]
[BlackElo "1784"]
[PlyCount "80"]
[EventDate "2018.04.13"]
[EventType "team-swiss"]
[EventRounds "5"]
[EventCountry "BRA"]
[SourceTitle "CBM 184 Extra"]
[Source "ChessBase"]
[SourceDate "2018.06.28"]
[SourceVersion "1"]
[SourceVersionDate "2018.06.28"]
[SourceQuality "1"]
[WhiteTeam "Sicoob Gelnex"]
[BlackTeam "Jaragua do Sul II"]
[WhiteTeamCountry "BRA"]
[BlackTeamCountry "BRA"]

1. e4 d5 2. Nc3 Nf6 3. e5 d4 4. exf6 dxc3 5. fxe7 cxd2+ 6. Bxd2 Bxe7 7. Qf3 0-0 8. 0-0-0 Qd4 9. Bc3 Bg5+ 10. Kb1 Qa4 11. Rd5 Qf4 12. Qxf4 Bxf4 13. g3 Be6 14. Rd1 Bd6 15. Bg2 Nc6 16. Ne2 Bg4 17. f3 Bf5 18. g4 Rfe8 19. Ng3 Bxg3 20. hxg3 Re2 21. gxf5 Rxg2 22. g4 b5 23. Rd7 b4 24. Rxc7 bxc3 25. Rxc6 cxb2 26. Kxb2 Rf2 27. Rc3 Rb8+ 28. Kc1 f6 29. Rd1 Rb7 30. Rd8+ Kf7 31. Rdc8 Re2 32. Rh8 Rh2 33. Rcc8 Ke7 34. Rcd8 Rc7 35. Rd2 Rh3 36. Rg8 Kf7 37. Rgd8 Ke7 38. R2d3 Rh1+ 39. Kb2 h5 40. gxh5 Rxh5 1/2-1/2

[Event "Catarinense-ch (Women)"]
[Site "Concordia"]
[Date "2018.02.23"]
[Round "1"]
[White "Prior, Marciane"]
[Black "Nicoladeli, Isadora Da Rocha"]
[Result "1-0"]
[WhiteElo "1907"]
[BlackElo "1442"]
[PlyCount "33"]
[EventDate "2018.02.23"]
[EventType "swiss"]
[EventRounds "6"]
[EventCountry "BRA"]
[SourceTitle "EXT 2019"]
[Source "ChessBase"]
[SourceDate "2018.10.10"]
[SourceVersion "1"]
[SourceVersionDate "2018.10.10"]
[SourceQuality "1"]

1. e4 e6 2. Nc3 d5 3. Nf3 Nf6 4. e5 Nfd7 5. d4 c5 6. dxc5 Bxc5 7. Bd3 Nc6 8. Bf4 0-0 9. Bxh7+ Kh8 10. Ng5 Bxf2+ 11. Kxf2 Qb6+ 12. Be3 d4 13. Qh5 dxe3+ 14. Ke1 Nf6 15. exf6 Qd4 16. Bd3+ Kg8 17. Qh7# 1-0

[Event "Catarinense-ch (Women)"]
[Site "Concordia"]
[Date "2014.08.31"]
[Round "5"]
[White "Prior, Marciane"]
[Black "Valcarenghi, Cristina"]
[Result "1-0"]
[WhiteElo "1907"]
[BlackElo "1915"]
[PlyCount "47"]
[EventDate "2014.08.29"]
[EventType "swiss"]
[EventRounds "5"]
[EventCountry "BRA"]
[SourceTitle "EXT 2022"]
[Source "ChessBase"]
[SourceDate "2021.10.06"]
[SourceVersion "1"]
[SourceVersionDate "2021.10.06"]
[SourceQuality "1"]

1. e4 c5 2. b3 Nf6 3. e5 Nd5 4. c4 Nb6 5. Bb2 d5 6. exd6 Qxd6 7. Nf3 Nc6 8. Be2 e5 9. Nc3 Bf5 10. Nh4 Bd3 11. Nb5 Qd8 12. Bxd3 a6 13. Qe2 axb5 14. cxb5 Nb4 15. Qxe5+ Qe7 16. Bb1 f6 17. Qxe7+ Bxe7 18. 0-0 0-0 19. d4 Rac8 20. Nf5 Rfe8 21. Nxe7+ Rxe7 22. dxc5 Nd7 23. Ba3 Nd5 24. c6 1-0

[Event "Fraiburgo Alvino Memorial 3rd"]
[Site "Fraiburgo"]
[Date "2013.07.21"]
[Round "5"]
[White "Oliveira, Denyam Lauth"]
[Black "Prior, Marciane"]
[Result "0-1"]
[WhiteElo "1639"]
[BlackElo "1914"]
[PlyCount "66"]
[EventDate "2013.07.19"]
[EventType "swiss"]
[EventRounds "6"]
[EventCountry "BRA"]
[SourceTitle "CBM 155 Extra"]
[Source "ChessBase"]
[SourceDate "2013.08.26"]
[SourceVersion "1"]
[SourceVersionDate "2013.08.26"]
[SourceQuality "1"]

1. e4 c5 2. Nf3 d6 3. c3 a6 4. d4 cxd4 5. cxd4 e6 6. Bd3 g6 7. 0-0 Bg7 8. a3 h6 9. Be3 Nf6 10. Nc3 Nbd7 11. Rc1 0-0 12. h3 b5 13. Nh2 Nb6 14. b3 Bb7 15. Qd2 Kh7 16. f4 d5 17. e5 Ne4 18. Bxe4 dxe4 19. g4 f5 20. Qg2 Qe7 21. Kh1 Rg8 22. Qb2 Rac8 23. Rf2 g5 24. Nf1 gxf4 25. Rxf4 Rxc3 26. Rxc3 Nd5 27. gxf5 Nxf4 28. f6 Bxf6 29. exf6 Qxf6 30. Rc7+ Rg7 31. Qc2 Nxh3 32. Nh2 Bd5 33. Ng4 Qf3+ 0-1

[Event "Fraiburgo Alvino Memorial 3rd"]
[Site "Fraiburgo"]
[Date "2013.07.19"]
[Round "1"]
[White "De Lara, Tainara"]
[Black "Prior, Marciane"]
[Result "0-1"]
[WhiteElo "1776"]
[BlackElo "1914"]
[PlyCount "40"]
[EventDate "2013.07.19"]
[EventType "swiss"]
[EventRounds "6"]
[EventCountry "BRA"]
[SourceTitle "CBM 155 Extra"]
[Source "ChessBase"]
[SourceDate "2013.08.26"]
[SourceVersion "1"]
[SourceVersionDate "2013.08.26"]
[SourceQuality "1"]

1. d4 d5 2. Nf3 c6 3. g3 Nf6 4. Bg2 Bg4 5. Ne5 Bf5 6. 0-0 Nbd7 7. Bf4 h6 8. h4 e6 9. c4 Ne4 10. b3 g5 11. Nxd7 Kxd7 12. Be5 f6 13. Bxf6 Qxf6 14. h5 Bd6 15. e3 g4 16. Nd2 Nc3 17. Qe1 Bd3 18. Ne4 Nxe4 19. Rd1 Bxf1 20. Qxf1 Rhf8 0-1

[Event "Catarinense-ch sf2"]
[Site "Sao Bento do Sul"]
[Date "2012.07.28"]
[Round "3.3"]
[White "Umetsubo, Cesar Hidemitsu"]
[Black "Prior, Marciane"]
[Result "1/2-1/2"]
[WhiteElo "2236"]
[BlackElo "1908"]
[PlyCount "96"]
[EventDate "2012.07.27"]
[EventType "swiss"]
[EventRounds "6"]
[EventCountry "BRA"]
[SourceTitle "EXT 2022"]
[Source "ChessBase"]
[SourceDate "2021.10.06"]
[SourceVersion "1"]
[SourceVersionDate "2021.10.06"]
[SourceQuality "1"]

1. d4 d5 2. Nf3 c6 3. e3 Nf6 4. Bd3 Bg4 5. Nbd2 e6 6. 0-0 Bd6 7. e4 dxe4 8. Nxe4 Nxe4 9. Bxe4 Qc7 10. h3 Bh5 11. Re1 Nd7 12. c4 Nf6 13. Bd3 0-0-0 14. Be3 Bf4 15. Be2 Bxe3 16. fxe3 Ne4 17. Ne5 Bxe2 18. Qxe2 f6 19. Nd3 g5 20. Nf2 Nxf2 21. Qxf2 Rhf8 22. b4 Kb8 23. a4 e5 24. a5 exd4 25. exd4 Qd6 26. Rad1 Rde8 27. d5 Rxe1+ 28. Qxe1 cxd5 29. Rxd5 Qc7 30. Qe6 Qf4 31. Qd6+ Qxd6 32. Rxd6 Kc7 33. c5 a6 34. g4 f5 35. Rh6 fxg4 36. Rxh7+ Kc6 37. Rh6+ Kc7 38. Kg2 gxh3+ 39. Kxh3 Rf4 40. Rb6 Rh4+ 41. Kg3 Rc4 42. Kf3 Rf4+ 43. Ke3 Rc4 44. Kd3 Rf4 45. Ke3 Rc4 46. Kf3 Rf4+ 47. Kg3 Rc4 48. Kf3 Rf4+ 1/2-1/2

[Event "BRA-ch (Women)"]
[Site "Balneario Camboriu"]
[Date "2011.07.10"]
[Round "7"]
[White "Baccarin, Natalia Viaro"]
[Black "Prior, Marciane"]
[Result "0-1"]
[WhiteElo "1954"]
[BlackElo "1900"]
[PlyCount "120"]
[EventDate "2011.07.07"]
[EventType "swiss"]
[EventRounds "7"]
[EventCountry "BRA"]
[SourceTitle "EXT 2012"]
[Source "ChessBase"]
[SourceDate "2011.11.24"]
[SourceVersion "1"]
[SourceVersionDate "2011.11.24"]
[SourceQuality "1"]

1. e4 c5 2. Nf3 Nc6 3. Bb5 Nd4 4. Bc4 e6 5. c3 Nxf3+ 6. Qxf3 a6 7. a4 Qc7 8. Na3 b6 9. d3 Bb7 10. Bf4 Bd6 11. Bxd6 Qxd6 12. Qg4 Qe5 13. f4 Nh6 14. Qf3 Qf6 15. 0-0 Qg6 16. h3 0-0-0 17. b4 d5 18. Qf2 dxc4 19. Nxc4 Rxd3 20. Ne5 Qxe4 21. Nxd3 Qxd3 22. bxc5 Nf5 23. Rfd1 Qe3 24. cxb6 Qxf2+ 25. Kxf2 Ne7 26. Rd4 Rd8 27. Rad1 Rxd4 28. Rxd4 Nc6 29. Rd1 Na5 30. Rb1 Bd5 31. g4 Kb7 32. Ke3 Bb3 33. Kd4 Kxb6 34. c4 Kc6 35. c5 f6 36. h4 h6 37. Re1 Bd5 38. g5 hxg5 39. hxg5 Nb3+ 40. Kc3 Nxc5 41. Ra1 Bb3 42. Kb4 Bxa4 43. Rc1 a5+ 44. Kxa5 Kd5 45. Re1 Bc2 46. gxf6 gxf6 47. Kb5 Nd3 48. Rf1 Ke4 49. f5 exf5 50. Kc4 f4 51. Kc3 Ba4 52. Ra1 Bd7 53. Ra6 f5 54. Rd6 Bb5 55. Rb6 f3 56. Rxb5 f2 57. Rb1 Ne1 58. Kd2 f1Q 59. Rxe1+ Qxe1+ 60. Kxe1 Kf3 0-1

[Event "BRA-ch (Women)"]
[Site "Novo Hamburgo"]
[Date "2008.05.24"]
[Round "5"]
[White "Medina, Diana Sanroman Baet"]
[Black "Prior, Marciane"]
[Result "1-0"]
[WhiteElo "1686"]
[BlackElo "1933"]
[PlyCount "89"]
[EventDate "2008.05.22"]
[EventType "swiss"]
[EventRounds "7"]
[EventCountry "BRA"]
[SourceTitle "EXT 2009"]
[Source "ChessBase"]
[SourceDate "2008.11.26"]
[SourceVersion "1"]
[SourceVersionDate "2008.11.26"]
[SourceQuality "1"]

1. d4 Nf6 2. Nf3 e6 3. c4 Bb4+ 4. Nbd2 b6 5. a3 Bxd2+ 6. Bxd2 Bb7 7. e3 0-0 8. Bd3 Ne4 9. Qc2 f5 10. Rc1 d6 11. d5 exd5 12. cxd5 Nc5 13. Bxf5 Bxd5 14. Bxh7+ Kh8 15. Bc3 Qe8 16. Bg6 Qe7 17. b4 Be4 18. Bxe4 Nxe4 19. Ba1 c5 20. 0-0 Nd7 21. Rfd1 Ndf6 22. Qd3 Rad8 23. Bxf6 Rxf6 24. bxc5 bxc5 25. Qd5 Re8 26. Rc2 Rg6 27. Ne1 Qf6 28. Qh5+ Kg8 29. Nd3 Qf7 30. Nf4 Rh6 31. Qg4 Qb3 32. Rdc1 Rb8 33. h3 Qf7 34. Rc4 Nf6 35. Qf3 Nd7 36. Qd5 Ne5 37. Qxf7+ Kxf7 38. Ra4 Rb7 39. Ra6 Ke7 40. Nd5+ Kd7 41. Kf1 Rh5 42. e4 Nf7 43. Ne3 Ne5 44. Nf5 Nc6 45. Rd1 1-0